Statistics for Major League Baseball Teams

Click here to take the quiz!

General Stats

  • This quiz has been taken 19 times
  • The average score is 24 of 30

Answer Stats

MLB Team% Correct
New York Mets
100%
New York Yankees
100%
Cincinnati Reds
94%
Los Angeles Dodgers
94%
Tampa Bay Devil Rays
94%
Chicago White Sox
88%
Oakland Athletics
88%
Atlanta Braves
81%
Baltimore Orioles
81%
Boston Red Sox
81%
Los Angeles Angels
81%
Minnesota Twins
81%
San Fransisco Giants
81%
Texas Rangers
81%
Arizona Diamondbacks
75%
Chicago Cubs
75%
Detroit Tigers
75%
Houston Astros
75%
Kansas City Royals
75%
Philadelphia Phillies
75%
Pittsburgh Pirates
75%
San Diego Padres
75%
St. Louis Cardinals
75%
Toronto Blue Jays
75%
Washington Nationals
75%
Cleveland Guardians
69%
Colorado Rockies
69%
Miami Marlins
69%
Seattle Mariners
69%
Milwaukee Brewers
63%

Score Distribution

Percentile by Number Answered

Percent of People with Each Score

Your Score History

You have not taken this quiz